00733 2200253 4500001002100000005001500021035002000036007000300056008004100059020002200100082000800122084001400130100002600144245010200170250001000272260004700282300003800329650002300367700001900390520003000409710001800439990001100457990001100468INLIS00000000000449820191127081322 a0010-1119000125ta191127 g 0 ind  a978-602-5790-20-1 a004 a004 AKB m0 aAKBAR, Dzukha Asyiqin1 aMenang Debat dengan Software Argunet /cAkbar Dzukha Asyiqin, Nasir Syar'an; editor, Tim Penerbit acet.1 aYogyakarta :bHijaz Pustaka Mandiri,c2018 aviii, 178 hlm. :bilus. ;c21 cm. 4aKOMPUTER. SOFTWARE0 aNASIR, Syar'an aBibliografi: hlm. 177-1780 aTIM, Penerbit a7181 a a7181 b